Economic geography 3rd ed / (Record no. 346873)
[ view plain ]
| 000 -LEADER | |
|---|---|
| fixed length control field | 00505 a2200157 4500 |
| 020 ## - INTERNATIONAL STANDARD BOOK NUMBER | |
| International Standard Book Number | 8120305191 (paperback) |
| 020 ## - INTERNATIONAL STANDARD BOOK NUMBER | |
| International Standard Book Number | 9788120305199 (paperback) |
| 090 ## - LOCALLY ASSIGNED LC-TYPE CALL NUMBER (OCLC); LOCAL CALL NUMBER (RLIN) | |
| -- | 4429 |
| -- | 4429 |
| 100 1# - MAIN ENTRY--PERSONAL NAME | |
| Personal name | Alexender, Hartshorn & |
| 245 10 - TITLE STATEMENT | |
| Title | Economic geography 3rd ed / |
| Statement of responsibility, etc. | Hartshorn & Alexender. |
| 250 ## - EDITION STATEMENT | |
| Edition statement | 3rd ed. |
| 260 ## - PUBLICATION, DISTRIBUTION, ETC. | |
| Place of publication, distribution, etc. | [S.l.] : |
| Name of publisher, distributor, etc. | Prentice Hall of India, |
| Date of publication, distribution, etc. | 2008. |
| 300 ## - PHYSICAL DESCRIPTION | |
| Extent | 400 p. |
| 856 40 - ELECTRONIC LOCATION AND ACCESS | |
| Materials specified | Amazon.com |
| Uniform Resource Identifier | <a href="http://www.amazon.com/exec/obidos/ASIN/8120305191/chopaconline-20">http://www.amazon.com/exec/obidos/ASIN/8120305191/chopaconline-20</a> |
| 942 ## - ADDED ENTRY ELEMENTS (KOHA) | |
| Institution code [OBSOLETE] | NBS |
| Koha item type | Book |
| Call number prefix | 330.9 HAR |
| Withdrawn status | Lost status | Damaged status | Not for loan | Permanent Location | Current Location | Date acquired | Total Checkouts | Full call number | Barcode | Date last seen | Date last checked out | Price effective from | Koha item type | Public note |
|---|---|---|---|---|---|---|---|---|---|---|---|---|---|---|
| Write Off | Central Library (CL) | Central Library (CL) | 08/28/2013 | 1 | 330.9 HAR | NBS1705 | 07/02/2015 | 07/02/2015 | 08/28/2013 | Book | No. 0908/NBS/IRC Dated: 12 June, 2012 |
